000 00618ntaaa2200217 4500
003 01
005 20251027202040.0
008 0714s1973 ag 01
040 _aAR-BaBN
_bspa
_cAR-BaBN
_eaacr
_dRIC
082 _a251.0020 C39m
100 _aCháves, Moisés
_919082
245 _aModelo de oratoria
250 _a1 ed.
260 _aMiami :
_bCaribe,
_c1979
300 _a144 p
500 _aContiene el texto del libro de Amós y del discurso de Martín Luther King "Yo sueño hoy" ambos traducidos por M. Cháves
650 _aprofetas
650 _aBiblia-A.T.-Amos
650 _asermones
_9362
942 _cBK
999 _c15287
_d15287